书目信息

书名: 财务管理 
作者: 曹冈 主编
出版信息: 北京   中国轻工业出版社  2004.01
开本页数: 20cm  291页
丛书名:
单 册:
中图分类: F275
科图分类:
主题词: 企业管理--财务管理
电子资源:
ISBN: 7-5019-3022-8
000 00787nam0 2200229 450
001 801
005 20091107091706.93
010    @a7-5019-3022-8@dCNY16.00
100    @a20091107d2004 km y0chiy0120 ea
101 @achi
102    @aCN@b110000
105    @aak z 000yy
106    @ar
200 @a财务管理@Acai wu guan li@f曹冈主编@Fcao gang zhu bian
210    @a北京@c中国轻工业出版社@d2004.01
215    @a291页@c图@d20cm
330    @a本书根据国内外最新的财务管理观念编写,反映了财务管理的新发展,论述简明扼要,集中讲解财务管理的精髓。本书主要分为财务管理概述、财务管理的基础观念、财务报表分析、财务预测和预算、投资预算、证券评价等部分。
606 @a企业管理@x财务管理
690    @aF275@v4
701  0 @a曹冈@Acao gang@4主编
801  0 @aCN@bRULIN@c20091107
905    @dF275@e136
    
    财务管理/曹冈主编.-北京:中国轻工业出版社,2004.01
    291页:图;20cm
    
    
    ISBN 7-5019-3022-8:CNY16.00
    本书根据国内外最新的财务管理观念编写,反映了财务管理的新发展,论述简明扼要,集中讲解财务管理的精髓。本书主要分为财务管理概述、财务管理的基础观念、财务报表分析、财务预测和预算、投资预算、证券评价等部分。
相关链接 在五车中查询图书 在当当中查询图书 在豆瓣中查询图书


正题名:财务管理     索取号:F275/136         预约/预借

序号 登录号 条形码 馆藏地/架位号 状态 备注
1 312129   300312129   柳城密-1楼/7架5列5层/ [索取号:F275/136] 在馆    
2 312130   300312130   柳城密-1楼/7架5列5层/ [索取号:F275/136] 在馆    
3 312131   300312131   海科密-1楼/9架8列7层/ [索取号:F275/136] 在馆    
4 312132   300312132   柳城密-1楼/7架5列5层/ [索取号:F275/136] 在馆    
5 312133   300312133   柳城密-1楼/7架5列5层/ [索取号:F275/136] 在馆    
6 312134   300312134   柳城密-1楼/7架5列5层/ [索取号:F275/136] 在馆    
7 312135   300312135   柳城密-1楼/7架5列5层/ [索取号:F275/136] 在馆    
8 312136   300312136   柳城密-1楼/7架5列5层/ [索取号:F275/136] 在馆    
9 312137   300312137   柳城密-1楼/7架5列5层/ [索取号:F275/136] 在馆    
10 312138   300312138   柳城密-1楼/7架5列5层/ [索取号:F275/136] 在馆